| 000 | 00538nam a22001217a 4500 | ||
|---|---|---|---|
| 008 | 190327b xxu||||| |||| 00| 0 eng d | ||
| 082 |
_a708 _bD722d |
||
| 100 |
_aBarahona, Rolando (Curador) _96981 |
||
| 245 | _aDario Escobar: Espacios Provisionales | ||
| 260 |
_aSan José, Costa Rica _bMuseo de Arte y Diseño Contemporáneo _c2003 |
||
| 300 |
_a39 p. _bill (col). _c18,2 cm |
||
| 650 |
_vArte contemporáneo _xArte - exhibiciones _xArte - instalaciones _xArte - instalaciones - MADC _xEscobar, Darío _xHerrero, Federico _zArte - Costa Rica _96982 |
||
| 999 |
_c1759 _d1759 |
||